Statistics for Districts of Burdur (Burdur'un ilçeleri).

Click here to take the quiz!

General Stats

  • This quiz has been taken 7 times
  • The average score is 7 of 11

Answer Stats

Population (Nüfus)District (İlçe)% Correct
117.097Merkez
100%
7.408Ağlasun
67%
66.894Bucak
67%
12.530Çavdır
67%
23.626Gölhisar
67%
8.150Karamanlı
67%
2.903Kemer
67%
10.593Tefenni
67%
14.503Yeşilova
67%
5.197Altınyayla
50%
4.898Çeltikçi
50%

Score Distribution

Percentile by Number Answered

Percent of People with Each Score

Your Score History

You have not taken this quiz